000 00668nam a2200193 i 4500
001 28914
003 ES-MaACL
005 20240415143605.0
007 t|
008 030120s1924 sp ||||1| spa d
100 1 _aBalseiro, José Agustín,
_d1900-1991
_925112
245 1 3 _aLa copa de Anacreonte
_b: poesías /
_cJosé Agustín Balseiro ; con un prólogo de Eduardo Marquina y un epílogo de Francisco Villaespesa.
260 _aMadrid :
_b[G. Hernández,
_c1924]
300 _a176 p. ;
_c20 cm.
700 1 _aMarquina, Eduardo,
_d1879-1946
_977043
700 1 _aVillaespesa, Francisco.
_9114917
852 _aES-MaACL
_jF-4708
999 _c28914
_d28914